Riga Areas - Statistics

General Stats
  • This quiz has been taken 12 times
  • The average score is 9 of 57
Answers on the Grid
Answers color-coded by a green-red scale on the quiz's grid according to % correct below.
Ziepniekkalns
Atgāzene
Baldone
Ikšķile
Karosta
Purvciems
Esplanāde
Sarkandaugava
Jaunsaurieši
Ceplīši
Beberbeķi
Dzērumi
Zolitude
Pasta Sala
Vecpilsēta
Imanta
Miltiņi
Salas
Milgrāvis
Torņakalns
Garoza
Vecumnieki
Vecdaugava
Stīveri
Vecmilgrāvis
Melnbārži
Launkalne
Centrs
Āgenskalns
Ķipsala
Ēvele
Latgale
Ķeipene
Stelpe
Brasa
Zasulauks
Birzgale
Dzirciems
Lēdmane
Daudzeva
Mežotne
Iļģuciems
Avoti
Vilce
Dārzciems
Dārziņi
Vārnskalns
Lizdēni
Pļavinieki
Oleri
Stepi
Pētersala-Andrejsala
Skanste
Seda
Čiekurkalns
Sviestukalns
Kundziņsala
Bolderāja
Medņi
Bērzkalne
Voleri
Mangaļsala
Kuprava
Mežciems
Pabriki
Mežaparks
Viļani
Grīziņkalns
Nereta
Suži
Gramzda
Rumbula
Snēpele
Spilve
Jugla
Trīsciems
Vēgas
Tērande
Berģi
Bukulti
Sise
Bieriņi
Lube
Bišumuiža
Igate
Šampēteris
Teika
Šķirotava
Ungurpils
Katlakalns
Brekši
Rozēni
Buļļi
Skaņkalne
Dreiļiņi
Jaunciems
Estrāde
Ķengarags
Mukupurvs
Vecate
Pleskodāle
Sēļi
Vecāķi
Endzele
Talcis
Daugavgrīva
Zīle
 
Answer Stats
Answer % Correct
Ziepniekkalns
100%
Purvciems
75%
Atgāzene
50%
Daugavgrīva
50%
Ķengarags
50%
Sarkandaugava
50%
Āgenskalns
25%
Avoti
25%
Bolderāja
25%
Bukulti
25%
Centrs
25%
Dārzciems
25%
Iļģuciems
25%
Imanta
25%
Jaunciems
25%
Jugla
25%
Ķipsala
25%
Latgale
25%
Mežaparks
25%
Milgrāvis
25%
Pļavinieki
25%
Pleskodāle
25%
Spilve
25%
Torņakalns
25%
Vecāķi
25%
Vecdaugava
25%
Vecmilgrāvis
25%
Zolitude
25%
Beberbeķi
0%
Berģi
0%
Bieriņi
0%
Bišumuiža
0%
Brasa
0%
Brekši
0%
Buļļi
0%
Čiekurkalns
0%
Dārziņi
0%
Dreiļiņi
0%
Dzirciems
0%
Grīziņkalns
0%
Katlakalns
0%
Kundziņsala
0%
Mangaļsala
0%
Mežciems
0%
Mukupurvs
0%
Pētersala-Andrejsala
0%
Rumbula
0%
Salas
0%
Šampēteris
0%
Skanste
0%
Šķirotava
0%
Suži
0%
Teika
0%
Trīsciems
0%
Vecpilsēta
0%
Voleri
0%
Zasulauks
0%
No matching quizzes found
Score Distribution
Percent of People with Each Score
Percentile by Number Answered
Your Score History
You have not taken this quiz